Statistics for Pokémon starting with an H (generation 1-7)

Click here to take the quiz!

General Stats

  • This quiz has been taken 5 times
  • The average score is 20 of 29

Answer Stats

GenPokémon% Correct
5Herdier
100%
2Hoppip
100%
4Happiny
80%
4Hippopotas
80%
4Hippowdon
80%
1Hitmonchan
80%
1Hitmonlee
80%
2Hitmontop
80%
2Ho-oh
80%
6Hoopa
80%
2Houndoom
80%
2Houndour
80%
3Huntail
80%
7Hakamo-o
60%
3Hariyama
60%
1Haunter
60%
6Hawlucha
60%
5Haxorus
60%
4Heatran
60%
6Heliolisk
60%
6Helioptile
60%
2Heracross
60%
2Hoothoot
60%
1Horsea
60%
5Hydreigon
60%
1Hypno
60%
5Heatmor
40%
4Honchkrow
40%
6Honedge
40%

Score Distribution

Percentile by Number Answered

Percent of People with Each Score

Your Score History

You have not taken this quiz